Popular scripts in the world - Statistics

General Stats
  • This quiz has been taken 122 times
  • The average score is 21 of 32
Answer Stats
Main region Answer % Correct
Worldwide Latin
100%
Middle East Arabic
96%
East Asia Chinese
96%
Europe Cyrillic
93%
East Asia Hangul
89%
South Asia Tamil
86%
Southeast Asia Thai
86%
Southeast Asia Khmer
84%
Southeast Asia Lao
84%
Caucasus Armenian
81%
Caucasus Georgian
81%
South Asia Bengali
79%
Southeast Asia Burmese
79%
Europe Greek
73%
South Asia Devanagari
69%
South Asia Telugu
69%
East Asia Kana
67%
South Asia Gujarati
65%
Middle East Hebrew
60%
East Asia Mongolian
60%
South Asia Gurmukhi
59%
Southeast Asia Javanese
56%
South Asia Malayalam
56%
East Asia Tibetan
54%
South Asia Sinhala
52%
South Asia Kannada
49%
Africa Tifnagh
49%
Africa Ge'ez
47%
South Asia Odia
46%
Southeast Asia Sundanese
40%
East Asia Yi
14%
Southeast Asia Lontara
5%
No matching quizzes found
Score Distribution
Percent of People with Each Score
Percentile by Number Answered
Your Score History
You have not taken this quiz